000 00600nam a22001457a 4500
020 _a13579108642
082 _a823
_bCAR/B
100 _aCARTOON NETWORK
245 _aBEN 10 ULTIMATE ALIEN STORYBOOKS
_bWHERE THEY LIVE
260 _aLONDON
_bEGMONT
_c2011
300 _a57
520 _aBen Tennyson discovers the Omnitrix, a mysterious alien device with the power to transform the wearer into ten different alien species. With his new powers, Ben faces the responsibilities of being a hero as he battles supernatural and alien enemies.
650 _aCHILDREN'S STORY BOOK
_zGREAT BRITAIN
942 _cBK
999 _c7611
_d7611